00424 2200145 4500001002100000008004100021035002000062245006300082260004100145020001700186084001700203082001100220650003400231990001300265INLIS000000000000277 ind  a0010-0120000277 aFikih 1bbKelas 7 Semester 2cTim Penulis Fikih Media Ilmu aSidoarjo :bListafariska Putrac2004 aNOISBN-00037 a297.14 FIK f a297.14 aFikih -- Studi dan Pengajaran a21900277